Selective bibliography of American literature 1775-1900 (Record no. 6450)
[ view plain ]
| 000 -CABECERA | |
|---|---|
| campo de control de longitud fija | 00578nam a2200193 a 4500 |
| 001 - NÚMERO DE CONTROL | |
| campo de control | BRCA_6767 |
| 005 - FECHA Y HORA DE LA ÚLTIMA TRANSACCIÓN | |
| campo de control | 20190320205601.0 |
| 008 - DATOS DE LONGITUD FIJA--INFORMACIÓN GENERAL | |
| campo de control de longitud fija | 251011s1936----nyu#######---#000-0#eng-# |
| 041 ## - CÓDIGO DE LENGUA | |
| Código de lengua del texto/banda sonora o título independiente | eng |
| 044 ## - CÓDIGO DEL PAÍS DE LA ENTIDAD EDITORA/PRODUCTORA | |
| Código MARC del país | nyu |
| 050 #4 - SIGNATURA TOPOGRÁFICA DE LA BIBLIOTECA DEL CONGRESO | |
| Número de clasificación | Z1224 |
| Número de documento/Ítem | .F85 |
| -- | 1936 |
| 245 10 - MENCIÓN DE TÍTULO | |
| Título | Selective bibliography of American literature 1775-1900 |
| Mención de responsabilidad, etc. | B.M. Fullerton ; with an introduction by Carl Van Doren |
| 260 ## - PUBLICACIÓN, DISTRIBUCIÓN, ETC. | |
| Lugar de publicación, distribución, etc. | Nueva York |
| Nombre del editor, distribuidor, etc. | Dial |
| Fecha de publicación, distribución, etc. | 1936 |
| 300 ## - DESCRIPCIÓN FÍSICA | |
| Extensión | 327 p. |
| Dimensiones | 24 cm. |
| 500 ## - NOTA GENERAL | |
| Nota general | I133 |
| 650 14 - PUNTO DE ACCESO ADICIONAL DE MATERIA--TÉRMINO DE MATERIA | |
| Término de materia o nombre geográfico como elemento de entrada | Literatura estadounidense |
| Subdivisión de forma | Bibliografía |
| Subdivisión general | Primeras ediciones |
| 9 (RLIN) | 14867 |
| 902 ## - CATALOGADOR | |
| Iniciales | GFM |
| 942 ## - ELEMENTOS DE PUNTO DE ACCESO ADICIONAL (KOHA) | |
| Fuente del sistema de clasificación o colocación | Library of Congress Classification |
| Tipo de ítem Koha | Libros |
| Estado de retiro | Estado de pérdida | Estado dañado | No para préstamo | Localización permanente | Ubicación/localización actual | Fecha de adquisición | Número de inventario | Total de préstamos | Signatura topográfica completa | Código de barras | Fecha visto por última vez | Precio válido a partir de | Tipo de ítem Koha |
|---|---|---|---|---|---|---|---|---|---|---|---|---|---|
| El ejemplar forma parte de la colección y puede ser consultado según las políticas vigentes. | Biblioteca del Museo Franz Mayer (Rogerio Casas-Alatriste) | Biblioteca del Museo Franz Mayer (Rogerio Casas-Alatriste) | 25/10/2011 | I133 | Z1224 .F85 1936 (I133) | 7214 | 22/03/2019 | 22/03/2019 | Libros |